[Event "CZE-ch U18"]
[Site "Kouty nad Desnou"]
[Date "2015.03.12"]
[Round "8"]
[White "Machan, Jan"]
[Black "Rydl, Jiri"]
[Result "1/2-1/2"]
[WhiteElo "2281"]
[BlackElo "2335"]
[PlyCount "33"]
[EventDate "2015.03.06"]
[EventType "tourn"]
[EventRounds "11"]
[EventCountry "CZE"]
[SourceTitle "EXT 2017"]
[Source "ChessBase"]
[SourceDate "2016.10.25"]
[SourceVersion "1"]
[SourceVersionDate "2016.10.25"]
[SourceQuality "1"]

1. d4 d5 2. c4 c6 3. cxd5 cxd5 4. Nc3 Nc6 5. Bf4 Nf6 6. e3 a6 7. Bd3 Bg4 8. Nge2 e6 9. 0-0 Be7 10. Rc1 0-0 11. f3 Bh5 12. Na4 Nd7 13. Qb3 Ra7 14. Bg3 Bg6 15. Nf4 Bxd3 16. Nxd3 Qa5 17. Nac5 1/2-1/2

[Event "CZE-ch U18"]
[Site "Kouty nad Desnou"]
[Date "2015.03.10"]
[Round "6"]
[White "Machan, Jan"]
[Black "Vykouk, Jan"]
[Result "1/2-1/2"]
[WhiteElo "2281"]
[BlackElo "2222"]
[PlyCount "62"]
[EventDate "2015.03.06"]
[EventType "tourn"]
[EventRounds "11"]
[EventCountry "CZE"]
[SourceTitle "EXT 2017"]
[Source "ChessBase"]
[SourceDate "2016.10.25"]
[SourceVersion "1"]
[SourceVersionDate "2016.10.25"]
[SourceQuality "1"]

1. e4 c5 2. c3 d5 3. exd5 Qxd5 4. d4 g6 5. Nf3 Bg7 6. Be2 cxd4 7. cxd4 Nh6 8. Nc3 Qd8 9. 0-0 Nf5 10. d5 0-0 11. Bf4 b6 12. Be5 Bb7 13. Bxg7 Kxg7 14. Nd4 Nxd4 15. Qxd4+ Kg8 16. Rad1 Nd7 17. Rfe1 Nf6 18. Bf3 Re8 19. h4 Rc8 20. Nb5 a5 21. Nc3 Qd6 22. Re3 Ba6 23. Be2 Bxe2 24. Rxe2 Red8 25. g3 Rc5 26. Red2 b5 27. Ne4 Nxe4 28. Qxe4 h5 29. b3 b4 30. Qf3 Rc3 31. Qe4 Rc5 1/2-1/2

[Event "CZE-ch U18"]
[Site "Kouty nad Desnou"]
[Date "2015.03.08"]
[Round "3"]
[White "Machan, Jan"]
[Black "Kriebel, Tadeas"]
[Result "1/2-1/2"]
[WhiteElo "2281"]
[BlackElo "2428"]
[PlyCount "93"]
[EventDate "2015.03.06"]
[EventType "tourn"]
[EventRounds "11"]
[EventCountry "CZE"]
[SourceTitle "EXT 2017"]
[Source "ChessBase"]
[SourceDate "2016.10.25"]
[SourceVersion "1"]
[SourceVersionDate "2016.10.25"]
[SourceQuality "1"]

1. d4 Nf6 2. Nf3 e6 3. c4 Bb4+ 4. Nbd2 0-0 5. a3 Bxd2+ 6. Qxd2 b6 7. e3 Bb7 8. Be2 d6 9. b4 Nbd7 10. Bb2 Ne4 11. Qc2 f5 12. 0-0 Ng5 13. Qd1 Nxf3+ 14. Bxf3 Bxf3 15. Qxf3 Nf6 16. d5 Ne4 17. dxe6 Qe7 18. Qd1 Qxe6 19. Qd4 Rf7 20. f3 Nf6 21. Rfd1 Re8 22. Rd3 Rfe7 23. Rad1 h6 24. Qf4 Nd7 25. h3 Ne5 26. Rc3 a6 27. a4 g5 28. Qd4 Nc6 29. Qd2 Nxb4 30. e4 f4 31. a5 bxa5 32. c5 d5 33. exd5 Qg6 34. Rcc1 Re2 35. Qd4 Nc2 36. Qc3 R8e3 37. Qh8+ Kf7 38. d6 Ne1 39. d7 Rxg2+ 40. Kh1 Rg3 41. d8N+ Ke7 42. Nc6+ Qxc6 43. Qg7+ Ke8 44. Qg8+ Ke7 45. Qg7+ Ke8 46. Qg8+ Ke7 47. Qg7+ 1/2-1/2